[Event "Politiken Cup 25th"]
[Site "Copenhagen"]
[Date "2003.07.24"]
[Round "10"]
[White "Busk, Casper"]
[Black "Larsen, Allan"]
[Result "1/2-1/2"]
[WhiteElo "2126"]
[BlackElo "2160"]
[PlyCount "91"]
[EventDate "2003.07.14"]
[EventType "swiss"]
[EventRounds "11"]
[EventCountry "DEN"]
[SourceTitle "CBM 095 Extra"]
[Source "ChessBase"]
[SourceDate "2003.09.04"]
[SourceVersion "1"]
[SourceVersionDate "2003.09.04"]
[SourceQuality "1"]

1. e4 c5 2. Nf3 d6 3. d4 cxd4 4. Nxd4 Nf6 5. Nc3 a6 6. Rg1 e5 7. Nb3 Be7 8. g4 Be6 9. Be3 Nc6 10. g5 Nd7 11. Qd2 Nb6 12. 0-0-0 a5 13. Bb5 a4 14. Bxb6 Qxb6 15. Bxa4 0-0 16. Kb1 Rfc8 17. Qe3 Nd4 18. Nxd4 Rxc3 19. Qxc3 Bxa2+ 20. Kxa2 Rxa4+ 21. Kb1 exd4 22. Qc8+ Bf8 23. f4 Rb4 24. b3 d3 25. Rg3 dxc2+ 26. Qxc2 Rb5 27. Rd5 g6 28. Rxb5 Qxb5 29. Qc4 Qa5 30. Rc3 h6 31. b4 Qa7 32. Qd5 hxg5 33. fxg5 Qg1+ 34. Rc1 Qxh2 35. Rc7 Qg1+ 36. Kc2 Qf2+ 37. Kb3 Bg7 38. Rc8+ Kh7 39. e5 Qe3+ 40. Ka4 Qa7+ 41. Qa5 b5+ 42. Kb3 Qb7 43. Qd8 Qd5+ 44. Kc2 Qa2+ 45. Kd3 Qd5+ 46. Kc2 1/2-1/2

[Event "Politiken Cup 25th"]
[Site "Copenhagen"]
[Date "2003.07.20"]
[Round "7"]
[White "Taksrud, Vidar"]
[Black "Busk, Casper"]
[Result "0-1"]
[WhiteElo "2205"]
[BlackElo "2126"]
[PlyCount "153"]
[EventDate "2003.07.14"]
[EventType "swiss"]
[EventRounds "11"]
[EventCountry "DEN"]
[SourceTitle "CBM 095 Extra"]
[Source "ChessBase"]
[SourceDate "2003.09.04"]
[SourceVersion "1"]
[SourceVersionDate "2003.09.04"]
[SourceQuality "1"]

1. d4 Nf6 2. c4 c5 3. Nf3 e6 4. Nc3 a6 5. Bg5 cxd4 6. Nxd4 h6 7. Bh4 Be7 8. e3 0-0 9. Bd3 Nc6 10. 0-0 b6 11. Rc1 Nxd4 12. exd4 d5 13. Qf3 Bb7 14. Bb1 Qd7 15. cxd5 Nxd5 16. Nxd5 Bxd5 17. Qd3 g6 18. Bg3 Rfc8 19. Bf4 Bg5 20. Bxg5 hxg5 21. b3 Rc6 22. Qe3 Rac8 23. Qxg5 Qb7 24. Rxc6 Qxc6 25. h4 Be4 26. h5 Bxb1 27. Rxb1 Qe4 28. Rd1 Qe2 29. Rd2 Qxh5 30. Qxh5 gxh5 31. f4 Kg7 32. f5 exf5 33. Kf2 Kf6 34. Kg3 Kg5 35. d5 Rc3+ 36. Kf2 Rc7 37. d6 Rd7 38. Kg3 a5 39. a4 Kf6 40. Kf4 Ke6 41. Re2+ Kf6 42. Re5 Rxd6 43. Rxf5+ Kg6 44. Rg5+ Kh6 45. Rf5 Kg6 46. Rg5+ Kh6 47. Rb5 Rf6+ 48. Kg3 Kg6 49. Kh3 Re6 50. g3 f5 51. Rd5 Kg5 52. Rb5 Re3 53. Kh2 Kg4 54. Rxb6 Re2+ 55. Kg1 Kxg3 56. Rg6+ Kf4 57. Rb6 h4 58. b4 axb4 59. Rxb4+ Re4 60. Rb2 Rxa4 61. Rf2+ Kg5 62. Kh2 Rg4 63. Ra2 Rg3 64. Ra4 f4 65. Ra5+ Kg4 66. Ra4 h3 67. Rb4 Rg2+ 68. Kh1 Re2 69. Rb3 f3 70. Rb8 f2 71. Rf8 Kg3 72. Rg8+ Kf3 73. Rf8+ Ke3 74. Rf7 Re1+ 75. Kh2 f1Q 76. Rf3+ Ke4 77. Re3+ 0-1

[Event "Politiken Cup 25th"]
[Site "Copenhagen"]
[Date "2003.07.16"]
[Round "3"]
[White "Christensen, Henrik"]
[Black "Busk, Casper"]
[Result "1-0"]
[WhiteElo "2130"]
[BlackElo "2126"]
[PlyCount "39"]
[EventDate "2003.07.14"]
[EventType "swiss"]
[EventRounds "11"]
[EventCountry "DEN"]
[SourceTitle "CBM 095 Extra"]
[Source "ChessBase"]
[SourceDate "2003.09.04"]
[SourceVersion "1"]
[SourceVersionDate "2003.09.04"]
[SourceQuality "1"]

1. e4 c5 2. Nf3 d6 3. d4 cxd4 4. Nxd4 Nf6 5. Nc3 a6 6. Bg5 e6 7. f4 Qb6 8. Qd2 Qxb2 9. Nb3 Qa3 10. Bxf6 gxf6 11. Be2 Nc6 12. 0-0 Be7 13. Kh1 b5 14. Bh5 0-0 15. Rf3 Bb7 16. Rh3 Kh8 17. f5 exf5 18. Qh6 Rg8 19. Bg6 Rg7 20. Bxh7 1-0

[Event "Copenhagen-ch"]
[Site "Copenhagen"]
[Date "2003.02.11"]
[Round "6"]
[White "Christensen, Esben"]
[Black "Busk, Casper"]
[Result "1/2-1/2"]
[WhiteElo "2127"]
[BlackElo "2076"]
[PlyCount "82"]
[EventDate "2003.02.07"]
[EventType "swiss"]
[EventRounds "9"]
[EventCountry "DEN"]
[SourceTitle "EXT 2018"]
[Source "ChessBase"]
[SourceDate "2017.10.13"]
[SourceVersion "1"]
[SourceVersionDate "2017.10.13"]
[SourceQuality "1"]

1. e4 c5 2. Nf3 d6 3. d4 cxd4 4. Nxd4 Nf6 5. Nc3 a6 6. a4 e5 7. Nb3 Be6 8. Bg5 Nbd7 9. Nd5 Bxd5 10. exd5 Be7 11. Be3 0-0 12. a5 Qc7 13. Be2 Rac8 14. c3 Rfe8 15. 0-0 Bf8 16. Ra4 g6 17. f4 b5 18. axb6 Nxb6 19. Bxb6 Qxb6+ 20. Kh1 a5 21. fxe5 dxe5 22. d6 Nd7 23. Bc4 Rxc4 24. Rxc4 Re6 25. Re4 Rxd6 26. Qc2 f5 27. Re2 a4 28. Nd2 Qb5 29. Nf3 Rd3 30. Ra1 a3 31. c4 axb2 32. Rb1 Qb3 33. Qxb3 Rxb3 34. Rbxb2 Rc3 35. Rec2 Rd3 36. Rd2 e4 37. Rxd3 exd3 38. Rd2 Nc5 39. Ne5 Bh6 40. Rxd3 Nxd3 41. Nxd3 Kf7 1/2-1/2

[Event "Politiken Cup 24th"]
[Site "Copenhagen"]
[Date "2002.07.19"]
[Round "5"]
[White "Tidman, Sophie E"]
[Black "Busk, Casper"]
[Result "1-0"]
[WhiteElo "2139"]
[BlackElo "1859"]
[PlyCount "47"]
[EventDate "2002.07.15"]
[EventType "swiss"]
[EventRounds "11"]
[EventCountry "DEN"]
[SourceTitle "CBM 089 Extra"]
[Source "ChessBase"]
[SourceDate "2002.09.10"]
[SourceVersion "2"]
[SourceVersionDate "2002.09.10"]
[SourceQuality "1"]

1. e4 c5 2. Nf3 d6 3. d4 cxd4 4. Nxd4 Nf6 5. Nc3 a6 6. f4 e5 7. Nf3 Nbd7 8. Bd3 Be7 9. 0-0 b5 10. Qe1 0-0 11. a4 bxa4 12. fxe5 dxe5 13. Bg5 Qb6+ 14. Kh1 Qxb2 15. Nd5 Nxd5 16. exd5 Qb4 17. c3 Qg4 18. Bxe7 Re8 19. d6 Nc5 20. Bc2 f6 21. Qf2 Nb3 22. Nxe5 Qe6 23. Rxa4 Bb7 24. Rh4 1-0